000 00368nam a2200157Ia 4500
003 OSt
005 20240306121833.0
008 170523s9999 xx 000 0 und d
020 _a978-8126536931
040 _cIIMTU MEERUT
100 _aSHAPIRO- ALAN
245 0 _aMULTINATIONAL FINANCIAL MANAGEMENT
260 _bNEW DELHI PHI
260 _c2002
942 _2ddc
_c02
999 _c1053
_d1053